| 000 | 00684nam a2200205Ia 4500 | ||
|---|---|---|---|
| 005 | 20241216011225.0 | ||
| 008 | 190429s9999||||xx |||||||||||||| ||und|| | ||
| 082 |
_a677.31 _bC17 |
||
| 100 | _aCAJACHAHUA CAMACHO EMILIO TEODORO | ||
| 245 | 0 | _aESTUDIO Y EVALUACION DE LOS PARAMETROS PRODUCTIVOS Y CARACTERISTICAS TECNOLOGICAS DE LA LANA DE CORDEROS DE LA COOPERATIVA COMUNAL DE HUAYLLAY PASCO | |
| 250 | _a0 | ||
| 260 |
_aCERRO DE PASCO-PERU _bUNDAC _c1990 |
||
| 300 |
_a132 pag. _c30 cm. |
||
| 341 | _h0 | ||
| 490 |
_v0 _a0 |
||
| 505 | _aLANA DE OVINO/ESQUILA/CARACTERISTICAS | ||
| 541 |
_aD _bCAJAHUANCA CAMACHO, EMILI _d14-Feb-02 _oSoles |
||
| 650 | _aZootecnia | ||
| 942 | _cTESIS | ||
| 999 |
_c35980 _d35980 |
||